Real Madrid 2025 Squad - Statistics

General Stats
  • This quiz has been taken 68 times
    8 since last reset
  • The average score is 14 of 23
Answer Stats
Hint Answer % Correct
France CDM Eduardo Camavinga
100%
England CAM Jude Bellingham
100%
France ST Kylian Mbappe
100%
Brazil LW Vinicius Junior
100%
Turkey CAM Arda Guler
75%
France LB Ferland Mendy
75%
Spain LB Fran Garcia
75%
Spain ST Gonzalo Garcia
75%
Brazil RW Rodrygo Goes
75%
England RB Trent Alexander-Arnold
75%
Ukraine GK Andriy Lunin
50%
Germany CB Antonio Rudiger
50%
Spain RB Daniel Carvajal
50%
Austria CB David Alaba
50%
Brazil CB Eder Militao
50%
Uruguay CM Federico Valverde
50%
Argentina RW Franco Mastantuono
50%
Belgium GK Thibaut Courtois
50%
Spain Manager Xabi Alonso
50%
Spain LB Alvaro Carreras
25%
France CDM Aurelien Tchoumeni
25%
Netherlands CB Dean Huijsen
25%
Spain CB Raul Asencio
0%
No matching quizzes found
Score Distribution
Percent of People with Each Score
Percentile by Number Answered
Your Score History
You have not taken this quiz since the last reset